Classic shell scripting : automate your UNIX tasks (Record no. 180629)
[ view plain ]
| 000 -LEADER | |
|---|---|
| fixed length control field | 00507nam a2200169Ia 4500 |
| 005 - DATE AND TIME OF LATEST TRANSACTION | |
| control field | 20250225115013.0 |
| 008 - FIXED-LENGTH DATA ELEMENTS--GENERAL INFORMATION | |
| fixed length control field | 231217s9999 xx 000 0 und d |
| 020 ## - INTERNATIONAL STANDARD BOOK NUMBER | |
| International Standard Book Number | 9788173668463 |
| 082 ## - DEWEY DECIMAL CLASSIFICATION NUMBER | |
| Classification number | 001.6424 ROB2;1 R |
| 100 ## - MAIN ENTRY--PERSONAL NAME | |
| Personal name | Robbins, Arnold. Beebe, Nelson H. F. |
| 245 #0 - TITLE STATEMENT | |
| Title | Classic shell scripting : automate your UNIX tasks |
| 260 ## - PUBLICATION, DISTRIBUTION, ETC. (IMPRINT) | |
| Date of publication, distribution, etc. | 2005 |
| Name of publisher, distributor, etc. | Shroff |
| Place of publication, distribution, etc. | Mumbai |
| 300 ## - PHYSICAL DESCRIPTION | |
| Extent | xxii+534 |
| 500 ## - GENERAL NOTE | |
| General note | Content page available |
| 650 ## - SUBJECT ADDED ENTRY--TOPICAL TERM | |
| Topical term or geographic name as entry element | Classic,shell,scripting,:,automate,UNIX,tasks |
| 942 ## - ADDED ENTRY ELEMENTS (KOHA) | |
| Koha item type | Books |
| Date last seen | Total Checkouts | Full call number | Accession number | Old discount | Uniform Resource Identifier | Cost, replacement price | Price effective from | Category | Lost status | Damaged status | Department | Withdrawn status | bill no. | bill date | Permanent Location | Current Location | Shelving location | Entry date | Vendor | Cost, normal purchase price | Grants | Currency symbol | Conversion rate | Discount | Discount type |
|---|---|---|---|---|---|---|---|---|---|---|---|---|---|---|---|---|---|---|---|---|---|---|---|---|---|
| 26/01/2024 | 001.6424 ROB2;1 R | 49088 | 25 | digital/contents/49089.pdf | 318.75 | 26/01/2024 | Books | Central Library | 47325 | 09/03/2009 | Central Library | Central Library | Library Annex | 20/05/2008 | Book Paradise | 425.00 | MCA | RS | 1 | 106.25 | Rupees | ||||
| 26/01/2024 | 001.6424 ROB2;2 R1 | 49089 | 25 | digital/contents/49089.pdf | 318.75 | 26/01/2024 | Books | Central Library | 47325 | 09/03/2009 | Central Library | Central Library | Library Annex | 20/05/2008 | Book Paradise | 425.00 | MCA | RS | 1 | 106.25 | Rupees | ||||
| 26/01/2024 | 001.6424 ROB;3 | 77553 | digital/contents/49089.pdf | 26/01/2024 | Books | CS | 26/12/2015 | Central Library | Central Library | CS | 07/03/2011 | CS | RS | 1 | Rupees | ||||||||||
| 26/01/2024 | 001.6424 ROB;3 | 77554 | digital/contents/49089.pdf | 26/01/2024 | Books | Central Library | 26/12/2015 | Central Library | Central Library | Central Library | 07/03/2011 | CS | RS | 1 | Rupees | ||||||||||
| 26/01/2024 | 001.6424 ROB;4 | 77555 | digital/contents/49089.pdf | 26/01/2024 | Books | CS | 26/12/2015 | Central Library | Central Library | CS | 07/03/2011 | CS | RS | 1 | Rupees |
